Internet e cultura (Record n. 336588)
[ formato base ]
| 000 -LEADER | |
|---|---|
| campo di controllo lung. fissa | nam a22 7a 4500 |
| 003 - Identificatore del numero di controllo | |
| campo di controllo | IT-MiCISF |
| 005 - Data e orario dell'ultima transazione | |
| campo di controllo | 20170406165252.0 |
| 008 - Elementi di lunghezza fissa--Informazione generale | |
| campo di controllo lung. fissa | 170406b xxu||||| |||| 00| 0 eng d |
| 040 ## - Fonte della catalogazione | |
| Agenzia che fa la trascrizione | IT-MiCISF |
| 041 ## - Codice di lingua | |
| Codice di lingua del testo/traccia sonora o titolo separato | it |
| 100 ## - Accesso principale -- nome di persona | |
| Nome di persona | Cucci Giovanni |
| 9 (RLIN) | 56361 |
| 245 ## - Formulazione del titolo | |
| Titolo | Internet e cultura |
| Complemento del titolo | Nuove opportunità e nuove insidie |
| 260 ## - Pubblicazione, distribuzione, ecc. (stampa) | |
| Luogo di pubblicazione, distribuzione, ecc. | Milano |
| Nome dell'editore, distributore, ecc. | Ancora |
| Data di pubblicazione, distribuzione, ecc. | 2016 |
| 300 ## - Descrizione fisica | |
| Estensione | pp. 188 |
| 500 ## - Nota generale | |
| Nota generale | nuovi-media, cultura, filosofia, educazione, scuola, politica |
| 520 ## - Riassunto, ecc. | |
| Nota di riassunto, ecc. | Siamo sommersi da informazioni, ma forse, come per l’eccesso di cibo, non è detto che questo sia un bene. I grandi scrittori del passato avevano a disposizione un patrimonio di testi nettamente inferiore a quello di un attuale studente universitario. Eppure ancora oggi restiamo affascinati dalla profondità che traspare dalle loro opere. Da qui l’importanza di una valutazione critica dell’enorme ricchezza del web, essendo materialmente impossibile visionare tutto il “menu” offerto. Il volume affronta quindi il tema del rapporto tra internet e cultura, con particolare riguardo all'impatto della rete sulle modalità dell'apprendimento umano, sull'impiego di internet nella scuola, sull'uso dei videogiochi. |
| 650 ## - Accesso aggiunto di soggetto--termine topico | |
| Termine topico o nome geografico come accesso | massmedia |
| 9 (RLIN) | 56060 |
| 654 ## - Accesso aggiunto di soggetto--termini topici faccettati | |
| Termine principale | saggio |
| 942 ## - Dati aggiuntivi (Koha) | |
| Fonte della classificazione o dello schema di collocazione (segnatura) | Dewey Decimal Classification |
| Tipo copia default (Koha) | LIBRO |
| Ritirato (status) | Perso (status) | Fonte della classificazione o dello schema di collocazione (segnatura) | Danneggiato (status) | Non per il presito | Biblioteca proprietaria | Biblioteca in cui si trova | Data d'acquisizione | Totale prestiti | Collocazione | Codice a barre | Data ultima operazione | Prezzo in vigore dal | Tipo copia default (Koha) |
|---|---|---|---|---|---|---|---|---|---|---|---|---|---|
| Dewey Decimal Classification | Buone Condizioni | Not For Loan | CISF - Milano | CISF - Milano | 06/04/2017 | b7314 | 9788851417192 | 06/04/2017 | 06/04/2017 | LIBRO |